[Event "16th 4NCL Congress"]
[Site "Coventry"]
[Date "2017.11.05"]
[Round "4"]
[Board "3"]
[White "Roberson, Peter T"]
[Black "Williams, Simon K"]
[Result "1/2-1/2"]
[WhiteElo "2403"]
[BlackElo "2437"]
[PlyCount "147"]
[EventDate "2017.11.03"]
[EventRounds "5"]
[EventCountry "ENG"]

1. e4 e6 2. d4 b6 3. Bd3 Bb7 4. Nf3 g6 5. c4 Bg7 6. Nc3 Ne7 7. Be3 d6 8. O-O h6
9. Qd2 f5 10. Ne1 e5 11. dxe5 dxe5 12. exf5 gxf5 13. Rd1 Nbc6 14. Qe2 O-O 15.
Bxf5 Nd4 16. Be6+ Kh8 17. Qh5 Rf6 18. Bg4 Qe8 19. Nd3 Qxh5 20. Bxh5 Rd6 21. c5
Rdd8 22. Rfe1 Nc2 23. Re2 Nxe3 24. Rxe3 Nd5 25. Nxd5 Bxd5 26. Nxe5 Bxa2 27.
Rde1 Rd2 28. cxb6 axb6 29. b3 Bxe5 30. Rxe5 Bxb3 31. Re7 Rf8 32. Bf3 Rf7 33.
Rxf7 Bxf7 34. Re7 Rc2 35. g4 Kg8 36. h4 b5 37. g5 hxg5 38. hxg5 Rc5 39. Kf1 Kf8
40. Rd7 Be6 41. Rh7 Bf7 42. Bh5 Bc4+ 43. Be2 Bg8 44. Rd7 Be6 45. Rd8+ Kg7 46.
Rb8 c6 47. Rb6 Rc1+ 48. Kg2 Bd5+ 49. Bf3 Bxf3+ 50. Kxf3 Rc4 51. Ke3 Kg6 52. f4
Kf5 53. Kd3 Rc1 54. Kd2 Rc5 55. Ke3 Rc2 56. Rb8 Rc3+ 57. Kd2 Rg3 58. Rf8+ Ke4
59. Rf6 c5 60. g6 b4 61. f5 Rg2+ 62. Kd1 b3 63. Rb6 b2 64. g7 Rxg7 65. Rxb2
Kxf5 66. Kc2 Ke4 67. Rb3 Rg2+ 68. Kc1 Kd4 69. Rh3 Kc4 70. Rf3 Kb4 71. Rh3 Rg4
72. Kc2 c4 73. Kc1 c3 74. Rh8 1/2-1/2

[Event "16th 4NCL Congress"]
[Site "Coventry"]
[Date "2017.11.05"]
[Round "4"]
[Board "4"]
[White "Sowray, Peter J"]
[Black "Arkell, Keith C"]
[Result "1-0"]
[WhiteElo "2322"]
[BlackElo "2423"]
[PlyCount "71"]
[EventDate "2017.11.03"]
[EventRounds "5"]
[EventCountry "ENG"]

1. d4 Nf6 2. c4 e6 3. Nc3 Bb4 4. e3 c5 5. Nge2 cxd4 6. exd4 d5 7. a3 Be7 8. Nf4
O-O 9. cxd5 Nxd5 10. Nfxd5 exd5 11. Be2 Nc6 12. O-O Bf6 13. Be3 Be6 14. Na4 b6
15. Rc1 Na5 16. Nc3 a6 17. b4 Nc6 18. Qd2 Ne7 19. g4 g6 20. h3 Bg7 21. Bh6 Nc8
22. Bxg7 Kxg7 23. Bf3 b5 24. Ne2 Nb6 25. Rc6 Nc4 26. Qc1 h5 27. gxh5 Bxh3 28.
Nf4 Qd7 29. Bxd5 Bxf1 30. hxg6 Be2 31. gxf7 Qg4+ 32. Bg2 Kxf7 33. Qc2 Rg8 34.
Qh7+ Rg7 35. Rc7+ Kf6 36. Nd5+ 1-0

[Event "16th 4NCL Congress"]
[Site "Coventry"]
[Date "2017.11.05"]
[Round "4"]
[Board "5"]
[White "Richardson, John R"]
[Black "Greet, Andrew N"]
[Result "0-1"]
[WhiteElo "2252"]
[BlackElo "2460"]
[PlyCount "96"]
[EventDate "2017.11.03"]
[EventRounds "5"]
[EventCountry "ENG"]

1. Nf3 d5 2. d4 Nf6 3. c4 e6 4. Nc3 Bb4 5. Bg5 dxc4 6. Qa4+ Nc6 7. e3 Bd7 8.
Qc2 b5 9. Be2 a6 10. O-O Be7 11. e4 O-O 12. Rad1 Bc8 13. d5 exd5 14. e5 Nd7 15.
Bxe7 Nxe7 16. Ng5 Ng6 17. f4 c6 18. h4 Re8 19. e6 fxe6 20. Nxh7 Ngf8 21. Ng5
Nf6 22. Bf3 Qc7 23. Ne2 Bb7 24. Qd2 c5 25. Ng3 Rad8 26. Bh5 Re7 27. Rde1 d4 28.
Re5 b4 29. Qe1 Nxh5 30. Nxh5 Rd5 31. Qg3 Kh8 32. Qg4 Qc6 33. Nf3 Qe8 34. Rg5
Rxg5 35. hxg5 Bxf3 36. Rxf3 Qg6 37. f5 exf5 38. Rxf5 Ne6 39. Nf4 Nxf4 40. Qxf4
Re8 41. Rxc5 c3 42. Qxd4 Qb1+ 43. Kh2 cxb2 44. Re5 Rxe5 45. Qxe5 Qh7+ 46. Kg3
b1=Q 47. Qe8+ Qg8 48. Qh5+ Qbh7 0-1

[Event "16th 4NCL Congress"]
[Site "Coventry"]
[Date "2017.11.05"]
[Round "4"]
[Board "6"]
[White "Grieve, Harry"]
[Black "Adair, James R"]
[Result "0-1"]
[WhiteElo "2221"]
[BlackElo "2479"]
[PlyCount "120"]
[EventDate "2017.11.03"]
[EventRounds "5"]
[EventCountry "ENG"]

1. d4 Nf6 2. Bg5 d5 3. Bxf6 gxf6 4. c4 dxc4 5. e3 c5 6. Bxc4 cxd4 7. exd4 Bg7
8. Nc3 O-O 9. Nge2 Nc6 10. O-O f5 11. Re1 Qd6 12. Rc1 a6 13. Bd5 Bd7 14. Bxc6
bxc6 15. Na4 Rfd8 16. Nc5 Bc8 17. Qa4 e6 18. Nb3 Bd7 19. Rc5 e5 20. dxe5 Bxe5
21. Ng3 Re8 22. Rf1 Qg6 23. f4 Bc7 24. Rc3 Bb6+ 25. Kh1 Qd6 26. Qc4 Qd5 27. Nh5
Qxc4 28. Nf6+ Kh8 29. Rxc4 Be6 30. Rxc6 Reb8 31. Nh5 a5 32. Nc1 Be3 33. b3 a4
34. Rc3 Bd4 35. Rd3 axb3 36. axb3 Bb2 37. Ng3 Ra1 38. Rdd1 Ba3 39. Nd3 Ra2 40.
Rb1 Rd8 41. Rf2 Rxf2 42. Nxf2 Rd2 43. Kg1 Bc5 44. Ngh1 Bxb3 45. Rc1 Be3 46. Re1
Bd4 47. Rc1 Be3 48. Re1 Bd4 49. Rc1 Bc4 50. h3 Bd5 51. Kf1 Be3 52. Rc3 Bxf4 53.
Kg1 Ra2 54. Rd3 Bc6 55. Rd1 Be3 56. Rf1 Bb5 57. Rb1 Ba6 58. Re1 Ba7 59. Re5
Ra1+ 60. Kh2 Bb8 0-1

[Event "16th 4NCL Congress"]
[Site "Coventry"]
[Date "2017.11.05"]
[Round "4"]
[Board "7"]
[White "Hebden, Mark L"]
[Black "Jarmany, John"]
[Result "1/2-1/2"]
[WhiteElo "2460"]
[BlackElo "2095"]
[PlyCount "134"]
[EventDate "2017.11.03"]
[EventRounds "5"]
[EventCountry "ENG"]

1. d4 d5 2. Nf3 Nf6 3. c4 c6 4. e3 Bf5 5. Nc3 dxc4 6. Bxc4 e6 7. O-O Nbd7 8.
Qe2 Ne4 9. Rd1 Be7 10. Bd3 Nxc3 11. bxc3 Bxd3 12. Rxd3 Qc7 13. e4 b5 14. Bg5 f6
15. Be3 Nb6 16. d5 cxd5 17. Bxb6 Qxb6 18. exd5 e5 19. Nh4 g6 20. Qe4 Qd6 21.
Re1 Rc8 22. Rh3 Kf7 23. Qd3 a6 24. f4 Qc5+ 25. Kh1 Bd6 26. fxe5 Bxe5 27. Nf3
Bxc3 28. Rd1 Qd6 29. Qe3 Kg7 30. Qh6+ Kf7 31. Rf1 Qxd5 32. Ng5+ Kg8 33. Nxh7
Qf7 34. Qc1 Rxh7 35. Rxc3 Rc4 36. h3 Qd5 37. Rxc4 bxc4 38. Qc3 Rf7 39. Rf4 Qd3
40. Qxc4 Qxc4 41. Rxc4 Kg7 42. Rc6 Ra7 43. a4 a5 44. Kh2 g5 45. Rc5 Kf7 46. Kg3
Kg6 47. Kf3 Kf7 48. Ke4 Kg6 49. Kf3 Kf7 50. Kg3 Kg7 51. h4 gxh4+ 52. Kxh4 Kh6
53. Rf5 Kg6 54. Kg4 Ra8 55. Rb5 Ra7 56. Kf4 Ra6 57. g3 Ra7 58. Rd5 Ra8 59. Ke4
Ra7 60. Kd4 f5 61. Ke3 Kg5 62. Kf3 Rb7 63. Rxa5 Rb3+ 64. Kf2 Kg4 65. Ra8 Rf3+
66. Ke2 Kxg3 67. a5 Ra3 1/2-1/2

[Event "16th 4NCL Congress"]
[Site "Coventry"]
[Date "2017.11.05"]
[Round "4"]
[Board "8"]
[White "Lam, Paul Gm"]
[Black "Arakhamia-Grant, Ketevan E"]
[Result "0-1"]
[WhiteElo "2117"]
[BlackElo "2369"]
[PlyCount "94"]
[EventDate "2017.11.03"]
[EventRounds "5"]
[EventCountry "ENG"]

1. Nc3 c5 2. Nf3 Nc6 3. d4 cxd4 4. Nxd4 g6 5. g3 Bg7 6. Nxc6 bxc6 7. Bg2 Nf6 8.
e4 Qc7 9. O-O O-O 10. Be3 d6 11. h3 Rb8 12. Rb1 Nd7 13. f4 Ba6 14. Rf2 Nb6 15.
Bd4 e5 16. fxe5 dxe5 17. Bc5 Rfd8 18. Qe1 Nd7 19. Be7 Re8 20. Ba3 Bf8 21. Bxf8
Nxf8 22. Bf1 Bxf1 23. Qxf1 Ne6 24. Qc4 Re7 25. Kg2 Rd7 26. Qe2 a5 27. b3 Kg7
28. Rbf1 Rb4 29. Qf3 Qd8 30. h4 h5 31. a3 Rbd4 32. Ne2 R4d6 33. Qc3 Nd4 34. Qc5
Re6 35. Nc1 Ree7 36. a4 Qc7 37. Nd3 Nxb3 38. cxb3 Rxd3 39. Rf6 Rxb3 40. Rxc6
Rb2+ 41. Rf2 Qb7 42. Qd6 Rxf2+ 43. Kxf2 Qb2+ 44. Ke1 Rb7 45. Qd2 Qb1+ 46. Rc1
Qxe4+ 47. Kf2 Qxa4 0-1

[Event "16th 4NCL Congress"]
[Site "Coventry"]
[Date "2017.11.05"]
[Round "4"]
[Board "9"]
[White "Mason, Donald J"]
[Black "Jackson, James P"]
[Result "0-1"]
[WhiteElo "2125"]
[BlackElo "2304"]
[PlyCount "73"]
[EventDate "2017.11.03"]
[EventRounds "5"]
[EventCountry "ENG"]

1. e4 c5 2. d3 Nc6 3. f4 g6 4. Nf3 Bg7 5. Be2 Nf6 6. O-O O-O 7. c3 c4 8. e5
cxd3 9. Bxd3 Ne8 10. Qe2 d6 11. exd6 Nxd6 12. Ne5 Qc7 13. Nxc6 Qxc6 14. Nd2 Bf5
15. Bxf5 Nxf5 16. Nf3 Rfd8 17. g4 Nd6 18. Be3 Nc4 19. Bd4 Rac8 20. Bxg7 Kxg7
21. Nd4 Qb6 22. Rf2 e6 23. Re1 Rd5 24. b3 Nd6 25. Nxe6+ fxe6 26. Qxe6 Qc6 27.
c4 Rd3 28. Qe7+ Kg8 29. Qe6+ Nf7 30. Qxc6 bxc6 31. Re7 a5 32. Ra7 Re8 33. Rxa5
Ree3 34. Ra8+ Kg7 35. Ra7 Kf8 36. Rc7 Nh6 37. f5 {Time} 0-1

[Event "16th 4NCL Congress"]
[Site "Coventry"]
[Date "2017.11.05"]
[Round "4"]
[Board "10"]
[White "Longson, Sarah N"]
[Black "Britton, Richard L"]
[Result "0-1"]
[WhiteElo "2102"]
[BlackElo "2221"]
[PlyCount "84"]
[EventDate "2017.11.03"]
[EventRounds "5"]
[EventCountry "ENG"]

1. e4 c5 2. Nf3 d6 3. Bb5+ Bd7 4. Bxd7+ Qxd7 5. O-O Nf6 6. Re1 Nc6 7. c3 e6 8.
d4 cxd4 9. cxd4 d5 10. e5 Ne4 11. a3 Be7 12. Nbd2 Nxd2 13. Bxd2 O-O 14. Rc1 f5
15. Rc3 h6 16. h4 Qe8 17. Rd3 f4 18. Qb3 Rb8 19. Rc1 Qh5 20. Bxf4 Bxh4 21. Bd2
Be7 22. Ne1 Qh4 23. g3 Qe4 24. f3 Qf5 25. Kf2 g5 26. Ng2 Kg7 27. Rd1 h5 28. Bc3
h4 29. gxh4 gxh4 30. Rg1 Kf7 31. Qc2 Ke8 32. Qe2 Kd7 33. Ne3 Qh7 34. Ng4 Rf7
35. b4 a6 36. a4 Rbf8 37. b5 axb5 38. axb5 Nd8 39. Ba5 h3 40. Qc2 Rxf3+ 41. Ke2
Qe4+ 42. Kd2 Bg5+ 0-1

[Event "16th 4NCL Congress"]
[Site "Coventry"]
[Date "2017.11.05"]
[Round "4"]
[Board "11"]
[White "Roe, Simon J"]
[Black "Varney, Zoe"]
[Result "1/2-1/2"]
[WhiteElo "2235"]
[BlackElo "2042"]
[PlyCount "96"]
[EventDate "2017.11.03"]
[EventRounds "5"]
[EventCountry "ENG"]

1. Nf3 d5 2. c4 e6 3. g3 Nf6 4. Bg2 Be7 5. O-O O-O 6. b3 c5 7. Bb2 Nc6 8. e3 b6
9. Nc3 Bb7 10. cxd5 exd5 11. d4 Ne4 12. dxc5 Nxc3 13. Bxc3 bxc5 14. Qd2 Qd6 15.
Qb2 Rfd8 16. Rfd1 Qg6 17. Rd2 Rd6 18. Rad1 Rad8 19. Ne1 d4 20. exd4 cxd4 21.
Bxd4 Nxd4 22. Rxd4 Bxg2 23. Rxd6 Rxd6 24. Rxd6 Qxd6 25. Kxg2 Bf6 26. Qe2 g6 27.
Nd3 Kg7 28. Qf3 Qa6 29. a4 Qb6 30. Qd5 Bd4 31. b4 Bc3 32. b5 Qa5 33. Qc4 Bf6
34. Qb4 Qd8 35. Qe4 Qa5 36. Nf4 Qd2 37. Nd5 Bd4 38. Qf4 Qb2 39. Ne7 Be5 40. Qf3
Qc2 41. Nc6 Bc7 42. a5 Qc5 43. Qd3 a6 44. Qd7 Bd6 45. bxa6 Qd5+ 46. Kg1 Qd1+
47. Kg2 Qd5+ 48. Kg1 Qd1+ 1/2-1/2

[Event "16th 4NCL Congress"]
[Site "Coventry"]
[Date "2017.11.05"]
[Round "4"]
[Board "12"]
[White "Yoon, Jacob D"]
[Black "Hand, Freddie"]
[Result "1-0"]
[WhiteElo "2009"]
[BlackElo "2192"]
[PlyCount "171"]
[EventDate "2017.11.03"]
[EventRounds "5"]
[EventCountry "ENG"]

1. e4 e5 2. Nf3 Nc6 3. Bb5 a6 4. Ba4 Nge7 5. O-O g6 6. d4 exd4 7. Nxd4 Bg7 8.
c3 O-O 9. Bg5 Nxd4 10. cxd4 h6 11. Be3 b5 12. Bc2 Bb7 13. a4 Nc6 14. Qd2 Kh7
15. axb5 axb5 16. Nc3 Ba6 17. Nd5 Ne7 18. Nb4 Bb7 19. f3 f5 20. e5 Nd5 21. Nd3
d6 22. Bf2 Re8 23. f4 Qd7 24. Rfc1 h5 25. Bd1 Nb6 26. b3 Be4 27. Rxa8 Rxa8 28.
Bf3 Bh6 29. Be3 Nd5 30. Nf2 Bxf3 31. gxf3 c5 32. dxc5 dxe5 33. c6 Qf7 34. Nh3
exf4 35. Bd4 Rc8 36. Qd3 Qe6 37. Qxb5 Ne7 38. c7 Qd5 39. Qb4 Bf8 40. Rc5 Qd7
41. Ng5+ Kh6 42. Nf7+ Kh7 43. Qc4 h4 44. Ne5 Qd6 45. Nf7 Qd7 46. b4 h3 47. Ng5+
Kh6 48. Nxh3 Bg7 49. Bxg7+ Kxg7 50. Qc3+ Kh7 51. Nxf4 Qd1+ 52. Kg2 Qd6 53. Nd3
Nd5 54. Qe5 Qxe5 55. Nxe5 Nxb4 56. Nd7 Na6 57. Rc6 Rxc7 58. Nf6+ Kh6 59. Rxa6
Kg5 60. Nd5 Rd7 61. Ra5 Rb7 62. Kg3 Rb1 63. Ra2 Rd1 64. h4+ Kh6 65. Ne3 Rd3 66.
Ng2 Rd6 67. Ra5 Rc6 68. Re5 Kg7 69. Nf4 Kf6 70. Rb5 Kg7 71. Rb8 Rd6 72. Re8 Kf7
73. Re2 Kf6 74. Ra2 Kg7 75. Ra4 Kf7 76. Nh3 Rb6 77. Kf4 Kf6 78. Rc4 Ra6 79. Ng1
Re6 80. Nh3 Ra6 81. Ng5 Ra3 82. Rc6+ Kg7 83. Rc7+ Kg8 84. Ke5 Ra6 85. Rd7 Kf8
86. Rd6 1-0

[Event "16th 4NCL Congress"]
[Site "Coventry"]
[Date "2017.11.05"]
[Round "4"]
[Board "13"]
[White "Hynes, Am (tony)"]
[Black "French, Max"]
[Result "1-0"]
[WhiteElo "2150"]
[BlackElo "1991"]
[PlyCount "65"]
[EventDate "2017.11.03"]
[EventRounds "5"]
[EventCountry "ENG"]

1. e4 c6 2. c4 d5 3. cxd5 cxd5 4. exd5 Nf6 5. Qa4+ Nbd7 6. Nc3 g6 7. Nf3 Bg7 8.
Bc4 O-O 9. d3 a6 10. Qa3 b6 11. O-O Bb7 12. d6 e6 13. Re1 b5 14. Bb3 Re8 15.
Bf4 Rc8 16. Rac1 Nb6 17. Be5 Ng4 18. Bxg7 Kxg7 19. Qb4 Nh6 20. Qd4+ Kg8 21. Ne4
Nd7 22. Qa7 Bxe4 23. dxe4 Ra8 24. Qe3 Kg7 25. Rc7 a5 26. a4 b4 27. Bc4 Nb8 28.
Qd4+ Kg8 29. Bb5 Na6 30. Ra7 e5 31. Rxa8 Qxa8 32. Qb6 Rb8 33. Qxa6 1-0

[Event "16th 4NCL Congress"]
[Site "Coventry"]
[Date "2017.11.05"]
[Round "4"]
[Board "14"]
[White "Willow, Jonah B"]
[Black "Patel, Devan"]
[Result "1-0"]
[WhiteElo "2144"]
[BlackElo "1560"]
[PlyCount "140"]
[EventDate "2017.11.03"]
[EventRounds "5"]
[EventCountry "ENG"]

1. Nc3 e5 2. Nf3 Nc6 3. d4 exd4 4. Nxd4 Nf6 5. Bg5 Bb4 6. Nxc6 Bxc3+ 7. bxc3
bxc6 8. Qd4 d5 9. e3 O-O 10. Bd3 Be6 11. f4 h6 12. Bh4 c5 13. Bxf6 Qxf6 14.
Qxc5 Qh4+ 15. g3 Qh3 16. Bf1 Qf5 17. Bd3 Qh3 18. Bf1 Qf5 19. Bg2 Qxc2 20. O-O
Rfb8 21. Rf2 Rb1+ 22. Rxb1 Qxb1+ 23. Rf1 Qb6 24. Qxb6 axb6 25. f5 Bd7 26. Bxd5
c6 27. Bb3 Re8 28. Rf3 Re5 29. g4 h5 30. h3 hxg4 31. hxg4 Re4 32. Rg3 Kf8 33.
Kf2 Ke7 34. Kf3 Re5 35. Kf4 Rc5 36. e4 g6 37. Rh3 Be8 38. e5 g5+ 39. Ke4 Ra5
40. Rh5 c5 41. Rxg5 Bc6+ 42. Ke3 c4 43. f6+ Ke6 44. Bxc4+ Bd5 45. Bxd5+ Rxd5
46. Ke4 Ra5 47. Kd4 Ra4+ 48. Kd3 Rxa2 49. c4 Ra3+ 50. Kd4 Ra1 51. Rg8 Rd1+ 52.
Ke4 Re1+ 53. Kf4 Rf1+ 54. Kg5 Kxe5 55. Re8+ Kd4 56. Rb8 Rb1 57. Rb7 Kxc4 58.
Rxf7 Rf1 59. Rb7 b5 60. Kg6 b4 61. f7 Rf4 62. g5 b3 63. Kg7 Kc3 64. f8=Q Rxf8
65. Kxf8 b2 66. g6 Kc2 67. g7 b1=Q 68. Rxb1 Kxb1 69. g8=Q Kc2 70. Qd5 Kc3 1-0

[Event "16th 4NCL Congress"]
[Site "Coventry"]
[Date "2017.11.05"]
[Round "4"]
[Board "15"]
[White "Rahulan, Thivyaa"]
[Black "Richmond, Jane"]
[Result "1-0"]
[WhiteElo "1737"]
[BlackElo "2124"]
[PlyCount "83"]
[EventDate "2017.11.03"]
[EventRounds "5"]
[EventCountry "ENG"]

1. e4 e5 2. Nf3 Nc6 3. Bc4 Nf6 4. d3 Bc5 5. c3 d6 6. O-O a6 7. Bb3 Bg4 8. Be3
Ba7 9. Nbd2 Qd7 10. Re1 O-O 11. Nf1 Ne7 12. Ng3 c6 13. d4 exd4 14. cxd4 d5 15.
e5 Ne4 16. h3 Nxg3 17. hxg4 Ne4 18. Nh2 h6 19. f3 Ng5 20. Bxg5 hxg5 21. Qd2 Ng6
22. g3 Rfe8 23. Rad1 Qd8 24. Kg2 Nf8 25. f4 gxf4 26. gxf4 f6 27. Nf3 fxe5 28.
fxe5 Qd7 29. Kg3 Re6 30. Bc2 Rh6 31. Rh1 Rxh1 32. Rxh1 Qe7 33. Nh4 Rd8 34. Ng6
Nxg6 35. Bxg6 Bxd4 36. Qxd4 Qg5 37. Bh7+ Kf8 38. Rf1+ Ke8 39. Rf5 Qh6 40. Qc5
Qxh7 41. Rf8+ Kd7 42. Qd6+ 1-0

[Event "16th 4NCL Congress"]
[Site "Coventry"]
[Date "2017.11.05"]
[Round "4"]
[Board "16"]
[White "White, Stuart A"]
[Black "Han, Yichen"]
[Result "1-0"]
[WhiteElo "2098"]
[BlackElo "1835"]
[PlyCount "69"]
[EventDate "2017.11.03"]
[EventRounds "5"]
[EventCountry "ENG"]

1. d4 Nf6 2. c4 g6 3. Nc3 Bg7 4. e4 d6 5. Nf3 O-O 6. Be2 e5 7. d5 Ne8 8. h4 f5
9. h5 f4 10. hxg6 hxg6 11. Nh4 Qg5 12. g3 Qf6 13. Rh2 Nd7 14. Qc2 a5 15. Bd2
Nc5 16. O-O-O g5 17. Nf3 g4 18. Nh4 f3 19. Bd3 c6 20. Be3 Bh6 21. Qd2 Bxe3 22.
Qxe3 Nxd3+ 23. Rxd3 Ng7 24. Rd1 Bd7 25. Kb1 c5 26. Rdh1 Kf7 27. Ng6 Nf5 28.
exf5 Bxf5+ 29. Ka1 Bxg6 30. Ne4 Bxe4 31. Qxe4 Rh8 32. Rh7+ Rxh7 33. Qxh7+ Qg7
34. Qf5+ Ke8 35. Rh7 1-0

[Event "16th 4NCL Congress"]
[Site "Coventry"]
[Date "2017.11.05"]
[Round "4"]
[Board "17"]
[White "Akeya-Price, Robert A"]
[Black "Moore, Gerald"]
[Result "1/2-1/2"]
[WhiteElo "1686"]
[BlackElo "2071"]
[PlyCount "46"]
[EventDate "2017.11.03"]
[EventRounds "5"]
[EventCountry "ENG"]

1. d4 Nf6 2. c4 g6 3. Nc3 d5 4. Bg5 Bg7 5. Bxf6 Bxf6 6. Nxd5 Bg7 7. e3 c5 8.
Ne2 Nc6 9. dxc5 Bxb2 10. Rb1 Bg7 11. Qd2 O-O 12. Ng3 f5 13. Be2 e6 14. Nb4 Nxb4
15. Qxb4 Rf7 16. O-O Bf8 17. Rbd1 Qc7 18. Bf3 Bxc5 19. Qb3 Rb8 20. Ne2 Bd7 21.
Rd2 b6 22. Rfd1 Re8 23. Nc3 a6 1/2-1/2

[Event "16th 4NCL Congress"]
[Site "Coventry"]
[Date "2017.11.05"]
[Round "4"]
[Board "18"]
[White "Bates, Richard A"]
[Black "Modi, Shyam Jagdish"]
[Result "1-0"]
[WhiteElo "2397"]
[BlackElo "1938"]
[PlyCount "67"]
[EventDate "2017.11.03"]
[EventRounds "5"]
[EventCountry "ENG"]

1. d4 Nf6 2. Nf3 g6 3. g3 Bg7 4. Bg2 O-O 5. O-O d6 6. c4 Nbd7 7. Nc3 e5 8. e4
c6 9. Rb1 a6 10. h3 b5 11. cxb5 cxb5 12. a3 Bb7 13. Re1 Re8 14. d5 Nb6 15. b3
Rc8 16. Bd2 Re7 17. Na2 Nbd7 18. Bf1 Nc5 19. Nc3 Rec7 20. Rc1 Qe8 21. b4 Ncd7
22. a4 bxa4 23. Qxa4 Nb6 24. Qb3 Nc4 25. Bg5 Nd7 26. Na4 Ncb6 27. Rxc7 Rxc7 28.
Be3 Nxa4 29. Qxa4 Qc8 30. Ra1 Nf6 31. Nd2 Rc1 32. Rxc1 Qxc1 33. Nc4 Qc3 34.
Nxd6 1-0

[Event "16th 4NCL Congress"]
[Site "Coventry"]
[Date "2017.11.05"]
[Round "4"]
[Board "19"]
[White "Asenov, Pavel"]
[Black "Lentzos, Ioannis"]
[Result "1/2-1/2"]
[WhiteElo "2197"]
[BlackElo "2021"]
[PlyCount "69"]
[EventDate "2017.11.03"]
[EventRounds "5"]
[EventCountry "ENG"]

1. d4 Nf6 2. c4 e6 3. Nc3 Bb4 4. e3 O-O 5. Nge2 c6 6. a3 Ba5 7. Ng3 d5 8. Qc2
Nbd7 9. Be2 dxc4 10. Bxc4 e5 11. O-O Bc7 12. Rd1 exd4 13. Rxd4 Be5 14. Rd2 Ng4
15. Be2 Qh4 16. Bxg4 Qxg4 17. b3 Nf6 18. Bb2 Qh4 19. Nf1 Be6 20. Rad1 Rfe8 21.
f3 Bc7 22. Ne2 Bb6 23. Bd4 Nd5 24. e4 Nf4 25. Nxf4 Qxf4 26. Qc3 Qc7 27. Ne3
Rad8 28. b4 Bxd4 29. Rxd4 Rxd4 30. Qxd4 Qb6 31. f4 Qxd4 32. Rxd4 f6 33. Kf2 Kf7
34. Kf3 Ke7 35. e5 1/2-1/2

[Event "16th 4NCL Congress"]
[Site "Coventry"]
[Date "2017.11.05"]
[Round "4"]
[Board "20"]
[White "Coleman, David J"]
[Black "Rushbrooke, Remy"]
[Result "1-0"]
[WhiteElo "2093"]
[BlackElo "1788"]
[PlyCount "59"]
[EventDate "2017.11.03"]
[EventRounds "5"]
[EventCountry "ENG"]

1. e4 g6 2. d4 Bg7 3. Nc3 d6 4. f4 Nf6 5. Nf3 c5 6. dxc5 Qa5 7. Qd4 Nc6 8. Bb5
dxc5 9. Qa4 Qxa4 10. Bxa4 O-O 11. Be3 Nd7 12. O-O-O Rb8 13. e5 h6 14. h4 Re8
15. Rhe1 Nb6 16. Bxc6 bxc6 17. Bxc5 Bg4 18. b3 Rb7 19. Rd3 Rc8 20. Red1 Nd7 21.
Na4 Rcc7 22. R1d2 Bf5 23. Re3 Nb6 24. Nc3 Rd7 25. Nd4 Bg4 26. Nxc6 Rbc7 27.
Rxd7 Nxd7 28. Nxe7+ Kh7 29. Bd6 Rb7 30. Ne4 1-0

[Event "16th 4NCL Congress"]
[Site "Coventry"]
[Date "2017.11.05"]
[Round "4"]
[Board "21"]
[White "Phillips, David"]
[Black "Burrows, Martin P"]
[Result "0-1"]
[WhiteElo "1784"]
[BlackElo "2085"]
[PlyCount "68"]
[EventDate "2017.11.03"]
[EventRounds "5"]
[EventCountry "ENG"]

1. d4 Nf6 2. Bf4 g6 3. e3 Bg7 4. Nf3 d6 5. h3 O-O 6. Be2 Nfd7 7. O-O e5 8. Bh2
Nc6 9. c4 f5 10. Nc3 Kh8 11. Rb1 g5 12. d5 Ncb8 13. Nd2 e4 14. Nb5 Ne5 15. Nd4
c5 16. dxc6 Nbxc6 17. N2b3 f4 18. Nxc6 bxc6 19. f3 exf3 20. Bxf3 Nxc4 21. Bxc6
Nxe3 22. Qh5 Bf5 23. Bxa8 Qxa8 24. Qe2 Bd3 25. Qf2 Bxf1 26. Rxf1 Nxf1 27. Kxf1
Qe4 28. Qxa7 Re8 29. Qa5 Qe2+ 30. Kg1 Qd1+ 31. Kf2 Re2+ 32. Kf3 Qd3+ 33. Kg4
Rxg2+ 34. Kh5 Qg6# 0-1

[Event "16th 4NCL Congress"]
[Site "Coventry"]
[Date "2017.11.05"]
[Round "4"]
[Board "22"]
[White "Okhai, Shabir"]
[Black "Kapoor, Gurveen"]
[Result "1-0"]
[WhiteElo "2075"]
[BlackElo "1787"]
[PlyCount "51"]
[EventDate "2017.11.03"]
[EventRounds "5"]
[EventCountry "ENG"]

1. e4 c5 2. Nf3 e6 3. c3 Nf6 4. e5 Nd5 5. d4 Nc6 6. c4 Ndb4 7. d5 Qa5 8. Bd2
Nd4 9. Nxd4 cxd4 10. a3 exd5 11. cxd5 d3 12. axb4 Qxa1 13. Bc3 Bxb4 14. Bxb4
Qxb2 15. Bd6 b5 16. Bxd3 Bb7 17. Be4 Rc8 18. O-O Rc4 19. Qg4 Rg8 20. Qg5 f6 21.
Qh5+ Kd8 22. Qf7 Re8 23. Bf5 Bc8 24. Qxg7 Rxe5 25. Qxf6+ Ke8 26. Qf8# 1-0

[Event "16th 4NCL Congress"]
[Site "Coventry"]
[Date "2017.11.05"]
[Round "4"]
[Board "23"]
[White "Gonem, Sherif"]
[Black "Verma, Aditya"]
[Result "0-1"]
[WhiteElo "1785"]
[BlackElo "2071"]
[PlyCount "102"]
[EventDate "2017.11.03"]
[EventRounds "5"]
[EventCountry "ENG"]

1. d4 d5 2. c4 c6 3. cxd5 cxd5 4. Nc3 Nf6 5. Nf3 Nc6 6. Bf4 Nh5 7. Be5 f6 8.
Bg3 e6 9. e3 Be7 10. Bh4 g6 11. a3 Ng7 12. Bd3 f5 13. Bxe7 Qxe7 14. Rc1 O-O 15.
O-O g5 16. b4 g4 17. Ne1 a6 18. Na4 Rf6 19. Nb6 Rb8 20. Bxa6 Rh6 21. f4 bxa6
22. Rxc6 Bb7 23. Rc2 e5 24. fxe5 Rxb6 25. Nd3 Bc6 26. Qc1 Bb5 27. Rc8+ Rxc8 28.
Qxc8+ Qe8 29. Qc5 Bxd3 30. Qxb6 Bxf1 31. Kxf1 Qb5+ 32. Qxb5 axb5 33. Ke2 Kf7
34. h4 Ke6 35. Kd3 Ne8 36. Kc3 Kd7 37. Kb3 Kc6 38. a4 Nc7 39. a5 g3 40. Kc3 Kd7
41. Kd3 Ke6 42. Ke2 Na6 43. Kd3 Nxb4+ 44. Kc3 Na6 45. Kb3 Kd7 46. Ka3 Kc6 47.
Kb3 Nc7 48. Kb4 Ne6 49. Kb3 Kb7 50. Ka3 Ka6 51. Kb4 h5 0-1

[Event "16th 4NCL Congress"]
[Site "Coventry"]
[Date "2017.11.05"]
[Round "4"]
[Board "24"]
[White "Koehn, Lennart"]
[Black "Ther, Mate"]
[Result "1/2-1/2"]
[WhiteElo "2069"]
[BlackElo "1549"]
[PlyCount "91"]
[EventDate "2017.11.03"]
[EventRounds "5"]
[EventCountry "ENG"]

1. e4 e5 2. Nf3 Nc6 3. d4 exd4 4. Nxd4 Nf6 5. Nxc6 bxc6 6. e5 Nd5 7. c4 Nb6 8.
Bd3 d5 9. exd6 cxd6 10. O-O Be6 11. Qc2 g6 12. b3 Bg7 13. Bb2 O-O 14. Bxg7 Kxg7
15. Nc3 Rc8 16. Rfd1 Qe7 17. Ne2 Nd7 18. Nf4 Ne5 19. Bf1 Bf5 20. Qd2 Rfd8 21.
Re1 Qh4 22. Qe3 Ng4 23. Qg3 Qxg3 24. hxg3 Ne5 25. Re3 Re8 26. Rd1 Rcd8 27. b4
g5 28. Ne2 Bg4 29. Rc1 Nd3 30. Rxd3 Bxe2 31. Ra3 Bxf1 32. Kxf1 Rd7 33. Ra6 Rc7
34. Re1 Re6 35. Rxe6 fxe6 36. Ke2 Kf6 37. Ke3 Kf5 38. f3 h5 39. Ra5+ e5 40. a4
Rb7 41. b5 cxb5 42. axb5 Rc7 43. Kd3 h4 44. gxh4 gxh4 45. Ra2 Kf4 46. Rc2
 1/2-1/2

[Event "16th 4NCL Congress"]
[Site "Coventry"]
[Date "2017.11.05"]
[Round "4"]
[Board "25"]
[White "Munshi, Aditya"]
[Black "Bourne, Johnathan D"]
[Result "1/2-1/2"]
[WhiteElo "1986"]
[BlackElo "1954"]
[PlyCount "44"]
[EventDate "2017.11.03"]
[EventRounds "5"]
[EventCountry "ENG"]

1. e4 e5 2. Nf3 Nc6 3. Bb5 a6 4. Ba4 Nf6 5. d3 b5 6. Bb3 Be7 7. O-O O-O 8. a4
b4 9. a5 d6 10. Nbd2 Be6 11. Nc4 h6 12. h3 Rb8 13. Bd2 Nd7 14. Ba4 Na7 15. Ne3
Nc5 16. b3 Nxa4 17. Rxa4 c5 18. Nh2 Bg5 19. Nf5 Bxf5 20. exf5 Bxd2 21. Qxd2 Nb5
22. Raa1 Qg5 1/2-1/2

[Event "16th 4NCL Congress"]
[Site "Coventry"]
[Date "2017.11.05"]
[Round "4"]
[Board "26"]
[White "Camp, Imogen Al"]
[Black "Modi, Kishan J"]
[Result "1/2-1/2"]
[WhiteElo "1855"]
[BlackElo "1772"]
[PlyCount "30"]
[EventDate "2017.11.03"]
[EventRounds "5"]
[EventCountry "ENG"]

1. d4 d5 2. c4 dxc4 3. e3 Nf6 4. Bxc4 e6 5. Nf3 c5 6. O-O a6 7. a4 Nc6 8. Nc3
cxd4 9. exd4 Be7 10. Bf4 O-O 11. Re1 Nb4 12. Qb3 b6 13. Rad1 Bb7 14. Ne5 Nbd5
15. Bg3 Rc8 1/2-1/2